Justin Timberlake's US Top 10 Hits - Statistics

General Stats
  • This quiz has been taken 7 times
  • The average score is 12 of 19
Answer Stats
Album Answer % Correct
Trolls Can't Stop the Feeling!
100%
Justified Cry Me a River
100%
The 20/20 Experience Suit & Tie
100%
Xscape Love Never Felt So Good
83%
The 20/20 Experience Mirrors
83%
Justified Rock Your Body
83%
FutureSex/LoveSounds SexyBack
83%
FutureSex/LoveSounds Summer Love
83%
Man of the Woods Say Something
67%
FutureSex/LoveSounds What Goes Around... Comes Around
67%
Hard Candy 4 Minutes
50%
Shock Value Give It to Me
50%
Magna Carta Holy Grail Holy Grail
50%
FutureSex/LoveSounds My Love
50%
Curtis Ayo Technology
33%
Paper Trail Dead and Gone
33%
The 20/20 Experience – 2 of 2 Not a Bad Thing
33%
Man of the Woods Filthy
17%
Fantasy Ride Love Sex Magic
17%
No matching quizzes found
Score Distribution
Percent of People with Each Score
Percentile by Number Answered
Your Score History
You have not taken this quiz